Datum a čas kvízu
21
Celkem bodů
Celkový počet nahraných bodů na tomto kvízu bez doplňovacích otázek.
6.
Pořadí na kvízu
Konečné umístění týmu na tomto kvízu.
Zaznamenané odpovědi
| # | Otázka | Odpověď | Body | Výsledky |
|---|---|---|---|---|
| 1. | Velmi netradiční problém musel... | bobr | 0 | |
| 2. | Nevšední hříšník uvízl v pondě... | C) holub | 1 | |
| 3. | Rozhořčení občané jednoho měst... | v Táboře | 0 | |
| 4. | Patříte-li mezi zákazníky inte... | fialová | 0 | |
| 5. | Který německý fotbalový klub s... | Bayer Leverkusen | 0 | |
| 6. | V pěti otázkách tohoto tématu... | halit | 0 | |
| 7. | Jaká je denní dávka kuchyňské... | B | 1 | |
| 8. | Jak se nazývá původem japonská... | C) gomasio | 0 | |
| 9. | Nejen lidé, ale i zvířata potř... | liz | 1 | |
| 10. | Chcete-li si užít blahodárného... | D) Bad Ischl | 1 |